000 00570nam a2200229Ia 4500
003 OSt
005 20220918200950.0
006 a|||||r|||| 00| 0
007 ta
008 220917b |||||||| |||| 00| 0 eng d
024 _a91,019
037 _cTextual
040 _aARTS
_cARTS
_beng
041 _2eng
_aeng
082 _aVvH32, M2
100 _aAl Azmeh Aziz
_996208
245 0 _aIBN Khaldun
_b an essays in reinter pretation
260 _c1982
650 _aHISTORY
942 _hVvH32, M2
_cTEXL
_2CC
999 _c214679
_d214679